| 000 | 00381nam a2200133Ia 4500 | ||
|---|---|---|---|
| 008 | 220204s9999 xx 000 0 und d | ||
| 082 |
_a63:368 _bRAY |
||
| 100 | _aRay, P K | ||
| 245 | 0 | _aAgricultural insurance: Theory and practice and application to developing countries | |
| 250 | _aEd.2 | ||
| 260 |
_aNew York _bPergamon _c1981 |
||
| 650 | _aAgricultural insurance | ||
| 942 | _cBK | ||
| 999 |
_c38897 _d38897 |
||